000 00590cam a22002411 4500
001 sa 68000068
003 DLC
005 20260227112420.0
008 910927s1967 ii 000 1 gujo
010 _asa 68000068
035 _a(OCoLC)24465773
040 _aDLC
_cWaU
_dDLC
042 _apremarc
050 0 0 _aPK1858
_b.P35
100 1 _aPaṇḍyā, Viṭhṭhala.
245 1 0 _aYāda.
260 _c[1967]
300 _a284 p.
_c19 cm.
500 _aIn Gujarati.
650 0 _aShort stories, Gujarati.
700 1 _aSelarka, Chandulal,
_d1931-
700 1 _aJoshī, Dinakara.
999 _c76916
_d76916